| 000 | 00740nam a2200205 a 4500 | ||
|---|---|---|---|
| 003 | 0 | ||
| 005 | 20250225141848.0 | ||
| 008 | 100827s19uu xx 00 eng d | ||
| 050 |
_aPGS LB 1073.5 _b.So689 2010 |
||
| 100 | _aSolomon, Elmyra Harrietta Ong. | ||
| 245 |
_aSense of academic responsibility of students in SISC / _cElmyra Harrietta Ong Solomon. |
||
| 260 |
_aLas PiƱas City, Philippines : _bSouthville International School and Colleges, _c2010. |
||
| 300 |
_a29 pages : _bcolored illustrations ; _c28 cm. |
||
| 504 | _aIncludes bibliographical references. | ||
| 650 | _aAcademic responsibility. | ||
| 650 | _aStudent responsibility. | ||
| 650 | _aMotivation in education. | ||
| 650 | _aStudy skills. | ||
| 942 |
_2lcc _cPASS |
||
| 999 |
_c98370 _d98370 |
||